The money list: 20 pivotal private sector investors (Record no. 75071)
[ view plain ]
| 000 -LEADER | |
|---|---|
| fixed length control field | 01263cab a2200253 4500 |
| 001 - CONTROL NUMBER | |
| control field | L129331 |
| 008 - FIXED-LENGTH DATA ELEMENTS--GENERAL INFORMATION | |
| fixed length control field | 050412n2005 000 0 eng u |
| 035 ## - SYSTEM CONTROL NUMBER | |
| System control number | (Sirsi) u129331 |
| 041 ## - LANGUAGE CODE | |
| Language code of text/sound track or separate title | eng |
| 245 #4 - TITLE STATEMENT | |
| Title | The money list: 20 pivotal private sector investors |
| 260 ## - PUBLICATION, DISTRIBUTION, ETC. | |
| Date of publication, distribution, etc. | 2005 |
| 490 ## - SERIES STATEMENT | |
| Series statement | Regeneration and Renewal |
| Volume/sequential designation | 8 April 2005, 20-28(6) |
| 520 ## - SUMMARY, ETC. | |
| Summary, etc. | Spotlights 20 of Britain's most valuable regeneration investors. Regeneration professionals all seek inward investment to rebuild local economies or stimulate housing markets. The selection is based on the canvassed opinions of regeneration practitioners employed by urban regeneration companies, housing market renewal pathfinders, specialist consultancies and local authorities. Discusses four other companies whose regeneration investment activities are particularly striking and also describes English Partnerships' three significant ventures with the private sector in regeneration areas. |
| 590 ## - LOCAL NOTE (RLIN) | |
| Local note | IKA150405 |
| 690 ## - LOCAL SUBJECT ADDED ENTRY--TOPICAL TERM (OCLC, RLIN) | |
| Topical term or geographic name as entry element | PROPERTY-PROPERTY FINANCE AND INVESTMENT |
| 700 ## - ADDED ENTRY--PERSONAL NAME | |
| Personal name | Carpenter, Jamie |
| 700 ## - ADDED ENTRY--PERSONAL NAME | |
| Personal name | Gardiner, Joey |
| 700 ## - ADDED ENTRY--PERSONAL NAME | |
| Personal name | Grewal, Herpreet Kaur |
| 700 ## - ADDED ENTRY--PERSONAL NAME | |
| Personal name | Klaushofer, Alex |
| 700 ## - ADDED ENTRY--PERSONAL NAME | |
| Personal name | Ross, Matt |
| 700 ## - ADDED ENTRY--PERSONAL NAME | |
| Personal name | Rowe, Mark |
| 700 ## - ADDED ENTRY--PERSONAL NAME | |
| Personal name | Schopen, Fay |
| 942 ## - ADDED ENTRY ELEMENTS (KOHA) | |
| Suppress in OPAC | 0 |
| Withdrawn status | Lost status | Source of classification or shelving scheme | Damaged status | Not for loan | Home library | Current library | Shelving location | Date acquired | Total Checkouts | Full call number | Barcode | Date last seen | Copy number | Price effective from | Koha item type |
|---|---|---|---|---|---|---|---|---|---|---|---|---|---|---|---|
| Dewey Decimal Classification | London | London | Journal article | 12/04/2005 | L129331 | 129331-1001 | 06/08/2019 | 1 | 06/08/2019 | Journal article |